000 00538pab a2200205 454500
008 180718b011 xxu||||| |||| 00| 0 eng d
100 _aTang, Bo-Sim
245 _aInstitutions, property taxation and local government finance in China
260 _c011
300 _ap.847-875.
362 _aApr
650 _aLocal government - China
650 _aRight to property - China
650 _aRight to property
700 _aLiu, Sing-Cheong
700 _aWong, Siu-Wai
773 _aUrban Studies
908 _aN
909 _a92497
999 _c92497
_d92497